| 000 | 00411 a2200157 4500 | ||
|---|---|---|---|
| 003 | NUST | ||
| 005 | 20230327122954.0 | ||
| 040 | _cNust | ||
| 082 | _a808.91,NAQ | ||
| 100 |
_aNaqvi, Mohsin _91414 |
||
| 245 |
_aRakht-e-Shab/ رخت شب (Urdu) / _cMohsin Naqvi |
||
| 260 |
_aLahore _bMavra Publisher _c2006 |
||
| 300 | _a200: p. | ||
| 650 |
_aUrdu Literature _xUrdu Poetry _9110476 |
||
| 942 |
_2ddc _cBK _k808.91,NAQ |
||
| 999 |
_c187927 _d187927 |
||